000 00435nam a2200181Ia 4500
001 13767
005 20260306164825.0
008 260306t2001||||xx |||||||||||||| ||spa||
041 _aESP
082 _a005.133J
_bA75E
100 _aArnold, Ken
_eAUT
245 0 _aEl lenguaje de programación Java TM
260 _c2001
300 _axxii, 578 pƔginas :
_c25 cm.
650 _aGEN
654 _aCCC
942 _cLIB
_dJUS
_fJUS
_2ddc
_n
999 _c13767
_d13767